000 00613nam a2200229Ia 4500
003 OSt
005 20220928125548.0
006 a|||||r|||| 00| 0
007 ta
008 220927b |||||||| |||| 00| 0 eng d
024 _a29248
037 _cTextual
040 _aSDCL
_cSDCL
_beng
041 _2eng
_aeng
082 _aQ21:2251, N7
100 _aRamjung Bhadur Singh
_9470287
245 0 _aAdhyatma Ramayana.
260 _aDelhi
_bBharatiya Kala Prakashan
_c1997
300 _axviii,265p.
_ccm.
942 _hQ21:2251, N7
_cTEXL
_2CC
999 _c783005
_d783005